|
|
|
|
| LEADER |
01052nam a2200337za 4500 |
| 001 |
001001202 |
| 003 |
CZ BrMZK |
| 005 |
20260112091010.0 |
| 007 |
ta |
| 008 |
080515s2002 gw erf 000 0 ger |
| 040 |
|
|
|a BOA001
|b cze
|
| 072 |
|
7 |
|a 811.112.2
|x Němčina
|2 Konspekt
|9 11
|
| 080 |
|
|
|a 811.112.2
|2 MRF
|
| 080 |
|
|
|a 801.82
|2 MRF
|
| 080 |
|
|
|a 81'24
|2 MRF
|
| 080 |
|
|
|a (075)
|2 MRF
|
| 100 |
1 |
|
|a Weber, Hans,
|d 1937-
|7 xx0048022
|4 aut
|
| 245 |
1 |
0 |
|a Vorschläge 1 neu :
|b literarische Texte für den Unterricht Deutsch als Fremdsprache: textband /
|c Hans Weber
|
| 250 |
|
|
|a 5. Aufl.
|
| 260 |
|
|
|a Bonn :
|b Inter Nationes,
|c 2002
|
| 300 |
|
|
|a 95 s. +
|e 1 audiokazeta, 1 kniha a 30 fólií
|
| 490 |
1 |
|
|a Literatur
|
| 541 |
|
|
|a 20.2.2008
|
| 650 |
0 |
7 |
|a němčina
|7 ph115512
|2 czenas
|
| 650 |
0 |
7 |
|a literární texty
|7 ph117225
|2 czenas
|
| 650 |
0 |
7 |
|a jazyková výuka
|7 ph162894
|2 czenas
|
| 655 |
|
7 |
|a učebnice
|7 fd133770
|2 czenas
|
| 830 |
|
0 |
|a Literatur (Inter Nationes)
|
| 910 |
|
|
|a BOA001
|b NK-0005.136
|
| 990 |
|
|
|a BK
|
| 991 |
|
|
|s SKRYTO odpis
|z 000049791
|x 44
|